| LEADER | 10079nam a2200901 4500 | ||
|---|---|---|---|
| 082 | |a 807.6 |b NG550v | ||
| 100 | |a | ||
| 245 | |a Bài tập ngữ văn 7 |c Nguyễn Khắc Phi, Nguyễn Đình Chú, Nguyễn Minh Thuyết |n T.2 | ||
| 260 | |a H. |b Giáo dục |c 2003 | ||
| 300 | |a 96 tr. |c 24 cm. | ||
| 520 | |a v.v... | ||
| 653 | |a Văn học | ||
| 653 | |a Ngữ văn | ||
| 653 | |a Lớp 7 | ||
| 653 | |a Bài tập | ||
| 942 | |2 ddc |c STK | ||
| 999 | |c 8916 |d 8916 | ||
| 952 | |0 0 |1 0 |2 ddc |4 0 |6 807_600000000000000_NG550V |7 0 |8 800 |9 73353 |a qbu |b qbu |c D5 |d 2015-05-04 |g 4000 |o 807.6 NG550v. |p 8503.c1 |r 0000-00-00 |w 2015-05-04 |y STK | ||
| 952 | |0 0 |1 0 |2 ddc |4 0 |6 807_600000000000000_NG550V |7 0 |8 800 |9 73354 |a qbu |b qbu |c D5 |d 2015-05-04 |g 4000 |o 807.6 NG550v. |p 8503.c2 |r 0000-00-00 |w 2015-05-04 |y STK | ||
| 952 | |0 0 |1 0 |2 ddc |4 0 |6 807_600000000000000_NG550V |7 0 |8 800 |9 73355 |a qbu |b qbu |c D5 |d 2015-05-04 |g 4000 |o 807.6 NG550v. |p 8503.c3 |r 0000-00-00 |w 2015-05-04 |y STK | ||
| 952 | |0 0 |1 0 |2 ddc |4 0 |6 807_600000000000000_NG550V |7 0 |8 800 |9 73356 |a qbu |b qbu |c D5 |d 2015-05-04 |g 4000 |o 807.6 NG550v. |p 8503.c4 |r 0000-00-00 |w 2015-05-04 |y STK | ||
| 952 | |0 0 |1 0 |2 ddc |4 0 |6 807_600000000000000_NG550V |7 0 |8 800 |9 73357 |a qbu |b qbu |c D5 |d 2015-05-04 |g 4000 |o 807.6 NG550v. |p 8503.c5 |r 0000-00-00 |w 2015-05-04 |y STK | ||
| 952 | |0 0 |1 0 |2 ddc |4 0 |6 807_600000000000000_NG550V |7 0 |8 800 |9 73358 |a qbu |b qbu |c D5 |d 2015-05-04 |g 4000 |o 807.6 NG550v. |p 8503.c6 |r 0000-00-00 |w 2015-05-04 |y STK | ||
| 952 | |0 0 |1 0 |2 ddc |4 0 |6 807_600000000000000_NG550V |7 0 |8 800 |9 73359 |a qbu |b qbu |c D5 |d 2015-05-04 |g 4000 |o 807.6 NG550v. |p 8503.c7 |r 0000-00-00 |w 2015-05-04 |y STK | ||
| 952 | |0 0 |1 0 |2 ddc |4 0 |6 807_600000000000000_NG550V |7 0 |8 800 |9 73360 |a qbu |b qbu |c D5 |d 2015-05-04 |g 4000 |o 807.6 NG550v. |p 8503.c8 |r 0000-00-00 |w 2015-05-04 |y STK | ||
| 952 | |0 0 |1 0 |2 ddc |4 0 |6 807_600000000000000_NG550V |7 0 |8 800 |9 73361 |a qbu |b qbu |c D5 |d 2015-05-04 |g 4000 |o 807.6 NG550v. |p 8503.c9 |r 0000-00-00 |w 2015-05-04 |y STK | ||
| 952 | |0 0 |1 0 |2 ddc |4 0 |6 807_600000000000000_NG550V |7 0 |8 800 |9 73362 |a qbu |b qbu |c D5 |d 2015-05-04 |g 4000 |o 807.6 NG550v. |p 8503.c10 |r 0000-00-00 |w 2015-05-04 |y STK | ||
| 952 | |0 0 |1 0 |2 ddc |4 0 |6 807_600000000000000_NG550V |7 0 |8 800 |9 73363 |a qbu |b qbu |c D5 |d 2015-05-04 |g 4000 |o 807.6 NG550v. |p 8503.c11 |r 0000-00-00 |w 2015-05-04 |y STK | ||
| 952 | |0 0 |1 0 |2 ddc |4 0 |6 807_600000000000000_NG550V |7 0 |8 800 |9 73364 |a qbu |b qbu |c D5 |d 2015-05-04 |g 4000 |o 807.6 NG550v. |p 8503.c12 |r 0000-00-00 |w 2015-05-04 |y STK | ||
| 952 | |0 0 |1 0 |2 ddc |4 0 |6 807_600000000000000_NG550V |7 0 |8 800 |9 73365 |a qbu |b qbu |c D5 |d 2015-05-04 |g 4000 |o 807.6 NG550v. |p 8503.c13 |r 0000-00-00 |w 2015-05-04 |y STK | ||
| 952 | |0 0 |1 0 |2 ddc |4 0 |6 807_600000000000000_NG550V |7 0 |8 800 |9 73366 |a qbu |b qbu |c D5 |d 2015-05-04 |g 4000 |o 807.6 NG550v. |p 8503.c14 |r 0000-00-00 |w 2015-05-04 |y STK | ||
| 952 | |0 0 |1 0 |2 ddc |4 0 |6 807_600000000000000_NG550V |7 0 |8 800 |9 73367 |a qbu |b qbu |c D5 |d 2015-05-04 |g 4000 |o 807.6 NG550v. |p 8503.c15 |r 0000-00-00 |w 2015-05-04 |y STK | ||
| 952 | |0 0 |1 0 |2 ddc |4 0 |6 807_600000000000000_NG550V |7 0 |8 800 |9 73368 |a qbu |b qbu |c D5 |d 2015-05-04 |g 4000 |o 807.6 NG550v. |p 8503.c16 |r 0000-00-00 |w 2015-05-04 |y STK | ||
| 952 | |0 0 |1 0 |2 ddc |4 0 |6 807_600000000000000_NG550V |7 0 |8 800 |9 73369 |a qbu |b qbu |c D5 |d 2015-05-04 |g 4000 |o 807.6 NG550v. |p 8503.c17 |r 0000-00-00 |w 2015-05-04 |y STK | ||
| 952 | |0 0 |1 0 |2 ddc |4 0 |6 807_600000000000000_NG550V |7 0 |8 800 |9 73370 |a qbu |b qbu |c D5 |d 2015-05-04 |g 4000 |o 807.6 NG550v. |p 8503.c18 |r 0000-00-00 |w 2015-05-04 |y STK | ||
| 952 | |0 0 |1 0 |2 ddc |4 0 |6 807_600000000000000_NG550V |7 0 |8 800 |9 73371 |a qbu |b qbu |c D5 |d 2015-05-04 |g 4000 |o 807.6 NG550v. |p 8503.c19 |r 0000-00-00 |w 2015-05-04 |y STK | ||
| 952 | |0 0 |1 0 |2 ddc |4 0 |6 807_600000000000000_NG550V |7 0 |8 800 |9 73372 |a qbu |b qbu |c D5 |d 2015-05-04 |g 4000 |o 807.6 NG550v. |p 8503.c20 |r 0000-00-00 |w 2015-05-04 |y STK | ||
| 952 | |0 0 |1 0 |2 ddc |4 0 |6 807_600000000000000_NG550V |7 0 |8 800 |9 73373 |a qbu |b qbu |c D5 |d 2015-05-04 |g 4000 |o 807.6 NG550v. |p 8503.c21 |r 0000-00-00 |w 2015-05-04 |y STK | ||
| 952 | |0 0 |1 0 |2 ddc |4 0 |6 807_600000000000000_NG550V |7 0 |8 800 |9 73374 |a qbu |b qbu |c D5 |d 2015-05-04 |g 4000 |o 807.6 NG550v. |p 8503.c22 |r 0000-00-00 |w 2015-05-04 |y STK | ||
| 952 | |0 0 |1 0 |2 ddc |4 0 |6 807_600000000000000_NG550V |7 0 |8 800 |9 73375 |a qbu |b qbu |c D5 |d 2015-05-04 |g 4000 |o 807.6 NG550v. |p 8503.c23 |r 0000-00-00 |w 2015-05-04 |y STK | ||
| 952 | |0 0 |1 0 |2 ddc |4 0 |6 807_600000000000000_NG550V |7 0 |8 800 |9 73376 |a qbu |b qbu |c D5 |d 2015-05-04 |g 4000 |o 807.6 NG550v. |p 8503.c24 |r 0000-00-00 |w 2015-05-04 |y STK | ||
| 952 | |0 0 |1 0 |2 ddc |4 0 |6 807_600000000000000_NG550V |7 0 |8 800 |9 73377 |a qbu |b qbu |c D5 |d 2015-05-04 |g 4000 |o 807.6 NG550v. |p 8503.c25 |r 0000-00-00 |w 2015-05-04 |y STK | ||
| 952 | |0 0 |1 0 |2 ddc |4 0 |6 807_600000000000000_NG550V |7 0 |8 800 |9 73378 |a qbu |b qbu |c D5 |d 2015-05-04 |g 4000 |o 807.6 NG550v. |p 8503.c26 |r 0000-00-00 |w 2015-05-04 |y STK | ||
| 952 | |0 0 |1 0 |2 ddc |4 0 |6 807_600000000000000_NG550V |7 0 |8 800 |9 73379 |a qbu |b qbu |c D5 |d 2015-05-04 |g 4000 |o 807.6 NG550v. |p 8503.c27 |r 0000-00-00 |w 2015-05-04 |y STK | ||
| 952 | |0 0 |1 0 |2 ddc |4 0 |6 807_600000000000000_NG550V |7 0 |8 800 |9 73380 |a qbu |b qbu |c D5 |d 2015-05-04 |g 4000 |o 807.6 NG550v. |p 8503.c28 |r 0000-00-00 |w 2015-05-04 |y STK | ||
| 952 | |0 0 |1 0 |2 ddc |4 0 |6 807_600000000000000_NG550V |7 0 |8 800 |9 73381 |a qbu |b qbu |c D5 |d 2015-05-04 |g 4000 |o 807.6 NG550v. |p 8503.c29 |r 0000-00-00 |w 2015-05-04 |y STK | ||
| 952 | |0 0 |1 0 |2 ddc |4 0 |6 807_600000000000000_NG550V |7 0 |8 800 |9 73382 |a qbu |b qbu |c D5 |d 2015-05-04 |g 4000 |o 807.6 NG550v. |p 8503.c30 |r 0000-00-00 |w 2015-05-04 |y STK | ||
| 952 | |0 0 |1 0 |2 ddc |4 0 |6 807_600000000000000_NG550V |7 0 |8 800 |9 73383 |a qbu |b qbu |c D5 |d 2015-05-04 |g 4000 |o 807.6 NG550v. |p 8503.c31 |r 0000-00-00 |w 2015-05-04 |y STK | ||
| 952 | |0 0 |1 0 |2 ddc |4 0 |6 807_600000000000000_NG550V |7 0 |8 800 |9 73384 |a qbu |b qbu |c D5 |d 2015-05-04 |g 4000 |o 807.6 NG550v. |p 8503.c32 |r 0000-00-00 |w 2015-05-04 |y STK | ||
| 952 | |0 0 |1 0 |2 ddc |4 0 |6 807_600000000000000_NG550V |7 0 |8 800 |9 73385 |a qbu |b qbu |c D5 |d 2015-05-04 |g 4000 |o 807.6 NG550v. |p 8503.c33 |r 0000-00-00 |w 2015-05-04 |y STK | ||
| 952 | |0 0 |1 0 |2 ddc |4 0 |6 807_600000000000000_NG550V |7 0 |8 800 |9 73386 |a qbu |b qbu |c D5 |d 2015-05-04 |g 4000 |o 807.6 NG550v. |p 8503.c34 |r 0000-00-00 |w 2015-05-04 |y STK | ||
| 952 | |0 0 |1 0 |2 ddc |4 0 |6 807_600000000000000_NG550V |7 0 |8 800 |9 73387 |a qbu |b qbu |c D5 |d 2015-05-04 |g 4000 |o 807.6 NG550v. |p 8503.c35 |r 0000-00-00 |w 2015-05-04 |y STK | ||
| 952 | |0 0 |1 0 |2 ddc |4 0 |6 807_600000000000000_NG550V |7 0 |8 800 |9 73388 |a qbu |b qbu |c D5 |d 2015-05-04 |g 4000 |o 807.6 NG550v. |p 8503.c36 |r 0000-00-00 |w 2015-05-04 |y STK | ||
| 952 | |0 0 |1 0 |2 ddc |4 0 |6 807_600000000000000_NG550V |7 0 |8 800 |9 73389 |a qbu |b qbu |c D5 |d 2015-05-04 |g 4000 |o 807.6 NG550v. |p 8503.c37 |r 0000-00-00 |w 2015-05-04 |y STK | ||
| 952 | |0 0 |1 0 |2 ddc |4 0 |6 807_600000000000000_NG550V |7 0 |8 800 |9 73390 |a qbu |b qbu |c D5 |d 2015-05-04 |g 4000 |o 807.6 NG550v. |p 8503.c38 |r 0000-00-00 |w 2015-05-04 |y STK | ||
| 952 | |0 0 |1 0 |2 ddc |4 0 |6 807_600000000000000_NG550V |7 0 |8 800 |9 73391 |a qbu |b qbu |c D5 |d 2015-05-04 |g 4000 |o 807.6 NG550v. |p 8503.c39 |r 0000-00-00 |w 2015-05-04 |y STK | ||
| 952 | |0 0 |1 0 |2 ddc |4 0 |6 807_600000000000000_NG550V |7 0 |8 800 |9 73392 |a qbu |b qbu |c D5 |d 2015-05-04 |g 4000 |o 807.6 NG550v. |p 8503.c40 |r 0000-00-00 |w 2015-05-04 |y STK | ||
| 952 | |0 0 |1 0 |2 ddc |4 0 |6 807_600000000000000_NG550V |7 0 |8 800 |9 73393 |a qbu |b qbu |c D5 |d 2015-05-04 |g 4000 |o 807.6 NG550v. |p 8503.c41 |r 0000-00-00 |w 2015-05-04 |y STK | ||
| 952 | |0 0 |1 0 |2 ddc |4 0 |6 807_600000000000000_NG550V |7 0 |8 800 |9 73394 |a qbu |b qbu |c D5 |d 2015-05-04 |g 4000 |o 807.6 NG550v. |p 8503.c42 |r 0000-00-00 |w 2015-05-04 |y STK | ||
| 952 | |0 0 |1 0 |2 ddc |4 0 |6 807_600000000000000_NG550V |7 0 |8 800 |9 73395 |a qbu |b qbu |c D5 |d 2015-05-04 |g 4000 |o 807.6 NG550v. |p 8503.c43 |r 0000-00-00 |w 2015-05-04 |y STK | ||
| 952 | |0 0 |1 0 |2 ddc |4 0 |6 807_600000000000000_NG550V |7 0 |8 800 |9 73396 |a qbu |b qbu |c D5 |d 2015-05-04 |g 4000 |o 807.6 NG550v. |p 8503.c44 |r 0000-00-00 |w 2015-05-04 |y STK | ||
| 952 | |0 0 |1 0 |2 ddc |4 0 |6 807_600000000000000_NG550V |7 0 |8 800 |9 73397 |a qbu |b qbu |c D5 |d 2015-05-04 |g 4000 |o 807.6 NG550v. |p 8503.c45 |r 0000-00-00 |w 2015-05-04 |y STK | ||
| 952 | |0 0 |1 0 |2 ddc |4 0 |6 807_600000000000000_NG550V |7 0 |8 800 |9 73398 |a qbu |b qbu |c D5 |d 2015-05-04 |g 4000 |o 807.6 NG550v. |p 8503.c46 |r 0000-00-00 |w 2015-05-04 |y STK | ||
| 952 | |0 0 |1 0 |2 ddc |4 0 |6 807_600000000000000_NG550V |7 0 |8 800 |9 73399 |a qbu |b qbu |c D5 |d 2015-05-04 |g 4000 |o 807.6 NG550v. |p 8503.c47 |r 0000-00-00 |w 2015-05-04 |y STK | ||
| 952 | |0 0 |1 0 |2 ddc |4 0 |6 807_600000000000000_NG550V |7 0 |8 800 |9 73400 |a qbu |b qbu |c D5 |d 2015-05-04 |g 4000 |o 807.6 NG550v. |p 8503.c48 |r 0000-00-00 |w 2015-05-04 |y STK | ||
| 952 | |0 0 |1 0 |2 ddc |4 0 |6 807_600000000000000_NG550V |7 0 |8 800 |9 73401 |a qbu |b qbu |c D5 |d 2015-05-04 |g 4000 |o 807.6 NG550v. |p 8503.c49 |r 0000-00-00 |w 2015-05-04 |y STK | ||
| 952 | |0 0 |1 0 |2 ddc |4 0 |6 807_600000000000000_NG550V |7 0 |8 800 |9 73402 |a qbu |b qbu |c D5 |d 2015-05-04 |g 4000 |o 807.6 NG550v. |p 8503.c50 |r 0000-00-00 |w 2015-05-04 |y STK | ||
| 952 | |0 0 |1 0 |2 ddc |4 0 |6 807_600000000000000_NG550V |7 0 |8 800 |9 73403 |a qbu |b qbu |c D5 |d 2015-05-04 |g 4000 |o 807.6 NG550v. |p 8503.c51 |r 0000-00-00 |w 2015-05-04 |y STK | ||
| 952 | |0 0 |1 0 |2 ddc |4 0 |6 807_600000000000000_NG550V |7 0 |8 800 |9 73404 |a qbu |b qbu |c D5 |d 2015-05-04 |g 4000 |o 807.6 NG550v. |p 8503.c52 |r 0000-00-00 |w 2015-05-04 |y STK | ||
| 952 | |0 0 |1 0 |2 ddc |4 0 |6 807_600000000000000_NG550V |7 0 |8 800 |9 73405 |a qbu |b qbu |c D5 |d 2015-05-04 |g 4000 |o 807.6 NG550v. |p 8503.c53 |r 0000-00-00 |w 2015-05-04 |y STK | ||
| 952 | |0 0 |1 0 |2 ddc |4 0 |6 807_600000000000000_NG550V |7 0 |8 800 |9 73406 |a qbu |b qbu |c D5 |d 2015-05-04 |g 4000 |o 807.6 NG550v. |p 8503.c54 |r 0000-00-00 |w 2015-05-04 |y STK | ||
| 952 | |0 0 |1 0 |2 ddc |4 0 |6 807_600000000000000_NG550V |7 0 |8 800 |9 73407 |a qbu |b qbu |c D5 |d 2015-05-04 |g 4000 |o 807.6 NG550v. |p 8503.c55 |r 0000-00-00 |w 2015-05-04 |y STK | ||
| 952 | |0 0 |1 0 |2 ddc |4 0 |6 807_600000000000000_NG550V |7 0 |8 800 |9 73408 |a qbu |b qbu |c D5 |d 2015-05-04 |g 4000 |o 807.6 NG550v. |p 8503.c56 |r 0000-00-00 |w 2015-05-04 |y STK | ||
| 952 | |0 0 |1 0 |2 ddc |4 0 |6 807_600000000000000_NG550V |7 0 |8 800 |9 73409 |a qbu |b qbu |c D5 |d 2015-05-04 |g 4000 |o 807.6 NG550v. |p 8503.c57 |r 0000-00-00 |w 2015-05-04 |y STK | ||
| 952 | |0 0 |1 0 |2 ddc |4 0 |6 807_600000000000000_NG550V |7 0 |8 800 |9 73410 |a qbu |b qbu |c D5 |d 2015-05-04 |g 4000 |o 807.6 NG550v. |p 8503.c58 |r 0000-00-00 |w 2015-05-04 |y STK | ||
| 952 | |0 0 |1 0 |2 ddc |4 0 |6 807_600000000000000_NG550V |7 0 |8 800 |9 73411 |a qbu |b qbu |c D5 |d 2015-05-04 |g 4000 |l 1 |o 807.6 NG550v. |p 8503.c59 |r 2017-03-22 |s 2017-02-08 |w 2015-05-04 |y STK | ||
| 952 | |0 0 |1 0 |2 ddc |4 0 |6 807_600000000000000_NG550V |7 0 |8 800 |9 73412 |a qbu |b qbu |c D5 |d 2015-05-04 |g 4000 |o 807.6 NG550v. |p 8503.c60 |r 0000-00-00 |w 2015-05-04 |y STK | ||
| 952 | |0 0 |1 0 |2 ddc |4 0 |6 807_600000000000000_NG550V |7 0 |8 800 |9 73413 |a qbu |b qbu |c D5 |d 2015-05-04 |g 4000 |o 807.6 NG550v. |p 8503.c61 |r 0000-00-00 |w 2015-05-04 |y STK | ||